Statistics for Bundesliga Top 4

Click here to take the quiz!

General Stats

  • This quiz has been taken 1,719 times
    (233 since last reset)
  • The average score is 28 of 51

Answer Stats

Winner % Correct
Bayern Munich
100%
Borussia Dortmund
100%
RB Leipzig
97%
Schalke 04
95%
VfL Wolfsburg
94%
Werder Bremen
92%
VfB Leipzig
91%
Hamburger SV
91%
Bayer Leverkusen
91%
Borussia Mönchengladbach
90%
VfB Stuttgart
89%
1. FC Köln
86%
Stuttgarter Kickers
85%
Eintracht Frankfurt
82%
Hannover 96
81%
1899 Hoffenheim
81%
FC Nürnberg
79%
Hertha BSC
79%
Kaiserslautern
76%
LSV Hamburg
70%
FSV Frankfurt
69%
Fortuna Düsseldorf
66%
SC Freiburg
64%
Dresdner SC
60%
1860 Munich
58%
SV Blau Weiss Berlin
46%
Eintracht Braunschweig
45%
Eintracht Duisburg
45%
Rot-Weiss Essen
45%
Karlsruher SC
44%
BSV Berlin
43%
Alemannia Aachen
41%
Holstein Kiel
40%
Greuther Fürth
38%
SV Waldhof Mannheim
35%
VfR Mannheim
34%
FC Saarbrücken
34%
Rapid Wien
31%
SC Preußen Münster
31%
Kickers Offenbach
28%
Union Berlin
27%
KFC Uerdingen
26%
DFC Prague
22%
SK Admira Vienna
21%
First Vienna FC
20%
Wuppertaler SV
19%
BFC Viktoria 1889
14%
Meidericher SV
7%
CfR Pforzheim
6%
Vorwarts Gleiwitz
3%
HSV Groß Born
3%

Score Distribution

Percentile by Number Answered

Percent of People with Each Score

Your Score History

You have not taken this quiz since the last reset